<?xml version="1.0" encoding="UTF-8"?>
<record
    xmlns:xsi="http://www.w3.org/2001/XMLSchema-instance"
    xsi:schemaLocation="http://www.loc.gov/MARC21/slim http://www.loc.gov/standards/marcxml/schema/MARC21slim.xsd"
    xmlns="http://www.loc.gov/MARC21/slim">

  <leader>02024agaaa2200337   4500</leader>
  <controlfield tag="001">7133</controlfield>
  <controlfield tag="003">IT-RoPAU</controlfield>
  <controlfield tag="005">20220918181237.0</controlfield>
  <controlfield tag="007">d cvaizq</controlfield>
  <controlfield tag="008">50131s9999||||xx ||| |     ||   ||und||</controlfield>
  <datafield tag="040" ind1=" " ind2=" ">
    <subfield code="a">IT-RoPAU</subfield>
    <subfield code="c">IT-RoPAU</subfield>
  </datafield>
  <datafield tag="041" ind1=" " ind2=" ">
    <subfield code="a">ITALIANO</subfield>
  </datafield>
  <datafield tag="100" ind1=" " ind2=" ">
    <subfield code="a">Losey Joseph</subfield>
    <subfield code="g">Codice regista SPICS: 4494</subfield>
    <subfield code="9">43781</subfield>
  </datafield>
  <datafield tag="130" ind1=" " ind2=" ">
    <subfield code="a">MESSAGGERO D'AMORE</subfield>
    <subfield code="9">43782</subfield>
  </datafield>
  <datafield tag="240" ind1=" " ind2=" ">
    <subfield code="a">GO-BETWEEN (THE)</subfield>
    <subfield code="g">T3659</subfield>
  </datafield>
  <datafield tag="245" ind1=" " ind2=" ">
    <subfield code="a">MESSAGGERO D'AMORE</subfield>
    <subfield code="c">Prodotto da: Heyman J. Johnson D. -- Sceneggiatura: Pinter Harold -- Diretto da: Losey Joseph</subfield>
    <subfield code="p">MESSAGGERO D'AMORE (Rif. Codice opera principale : H7133)</subfield>
  </datafield>
  <datafield tag="246" ind1=" " ind2=" ">
    <subfield code="a">GO-BETWEEN (THE)</subfield>
  </datafield>
  <datafield tag="250" ind1=" " ind2=" ">
    <subfield code="a">Edizione Standard</subfield>
  </datafield>
  <datafield tag="260" ind1=" " ind2=" ">
    <subfield code="a">(UK)</subfield>
    <subfield code="b">EMI FILMS - ROBERT VELAISE PROD. - JOHN HEY / Distribuzione: AUDIOVISIVI SANPAOLO</subfield>
    <subfield code="g">"1970 (1&#xB0; ed.: 2007 ; Ed. Lingua Orig.: 1970)"</subfield>
  </datafield>
  <datafield tag="300" ind1=" " ind2=" ">
    <subfield code="a">DVD</subfield>
    <subfield code="b">sonoro, col.</subfield>
    <subfield code="c">100 minuti</subfield>
  </datafield>
  <datafield tag="508" ind1=" " ind2=" ">
    <subfield code="a">"Fotografia: Fisher Gerry; Montaggio: Beck Reginald; Musica: Legrand Michel; Sceneggiatura: Pinter Harold; Scenografia: Dillon Carmen; "</subfield>
  </datafield>
  <datafield tag="511" ind1=" " ind2=" ">
    <subfield code="a">"Christie Julie; Bates Alan; Leighton Margaret; Redgrave Michael; Guard Dominic; Gough"</subfield>
  </datafield>
  <datafield tag="520" ind1=" " ind2=" ">
    <subfield code="a">AGLI INIZI DEL SECOLO, IL TREDICENNE LEO, ORFANO DI PADRE E DI MODESTA CONDIZIONE SOCIALE, VIENE OSPITATO, IN UNA SONTUOSA VILLA DEL NORFOLK, DALLA RICCA FAMIGLIA DEL SUO AMICO MARCUS. RIMASTO AFFASCINATO DALLA BELLA MARIAN - LA SORELLA MAGGIORE DI MARCUS - CHE E' LA SOLA A TRATTARLO CON AFFETTUOSAGENTILEZZA, LEO ACCETTA DI PORTARE, SEGRETAMENTE, LE MISSIVE CHE LA GIOVANE SI SCAMBIA CON L'UOMO DEL QUALE E' INNAMORATA, IL FATTORE TED BURGESS. LARELAZIONE VIENE PERO' SCOPERTA CON TRAGICHE CONSEGUENZE...</subfield>
  </datafield>
  <datafield tag="538" ind1=" " ind2=" ">
    <subfield code="a">PAL, STEREO</subfield>
  </datafield>
  <datafield tag="546" ind1=" " ind2=" ">
    <subfield code="a">ITALIANO</subfield>
  </datafield>
  <datafield tag="650" ind1=" " ind2=" ">
    <subfield code="a">DRAMMATICO</subfield>
    <subfield code="e">DVD-FILM [DVD]</subfield>
    <subfield code="x">Codice MATERIA SPICS: 9947</subfield>
    <subfield code="9">43783</subfield>
  </datafield>
  <datafield tag="700" ind1=" " ind2=" ">
    <subfield code="a">Hartley L.P. </subfield>
    <subfield code="e">(soggetto)</subfield>
    <subfield code="g">Codice Soggetto SPICS: 58824</subfield>
    <subfield code="9">43784</subfield>
  </datafield>
  <datafield tag="700" ind1=" " ind2=" ">
    <subfield code="a">Legrand Michel</subfield>
    <subfield code="e">(musica)</subfield>
    <subfield code="g">Codice Musica SPICS: 10930</subfield>
    <subfield code="9">43785</subfield>
  </datafield>
  <datafield tag="700" ind1=" " ind2=" ">
    <subfield code="a">Losey Joseph </subfield>
    <subfield code="e">(regista)</subfield>
    <subfield code="g">Codice regista SPICS: 4494</subfield>
    <subfield code="9">43786</subfield>
  </datafield>
  <datafield tag="942" ind1=" " ind2=" ">
    <subfield code="c">DV</subfield>
    <subfield code="2">ddc</subfield>
  </datafield>
  <datafield tag="999" ind1=" " ind2=" ">
    <subfield code="c">105864</subfield>
    <subfield code="d">105864</subfield>
  </datafield>
  <datafield tag="952" ind1=" " ind2=" ">
    <subfield code="0">0</subfield>
    <subfield code="1">0</subfield>
    <subfield code="4">0</subfield>
    <subfield code="6">H_7133_000000000000000</subfield>
    <subfield code="7">1</subfield>
    <subfield code="a">SPICS</subfield>
    <subfield code="b">SPICS</subfield>
    <subfield code="d">2015-01-31</subfield>
    <subfield code="l">0</subfield>
    <subfield code="o">H7133</subfield>
    <subfield code="r">2015-01-31 00:00:00</subfield>
    <subfield code="w">2015-01-31</subfield>
    <subfield code="y">DV</subfield>
    <subfield code="z">Progr. Ins.: 3526 / N.Vol.:1 / Copie: 1 / Pag.:0 / Copia rara: n.d. / date import: 1.2.2015 / By Epidotti, Trombetti, Vaglietti</subfield>
  </datafield>
</record>
